[Event "Moscow-ch"]
[Site "Moscow"]
[Date "2012.03.12"]
[Round "3"]
[White "Kurukin, Dmitry"]
[Black "Vavulin, Maksim"]
[Result "0-1"]
[WhiteElo "2375"]
[BlackElo "2283"]
[PlyCount "72"]
[EventDate "2012.03.10"]
[EventType "swiss"]
[EventRounds "9"]
[EventCountry "RUS"]
[SourceTitle "CBM 147 Extra"]
[Source "ChessBase"]
[SourceDate "2012.04.24"]
[SourceVersion "1"]
[SourceVersionDate "2012.04.24"]
[SourceQuality "1"]

1. d4 Nf6 2. c4 c5 3. d5 e6 4. Nc3 exd5 5. cxd5 d6 6. Nf3 g6 7. Bf4 Bg7 8. Qa4+ Bd7 9. Qb3 Qc7 10. a4 Nh5 11. Bd2 0-0 12. e3 Bg4 13. Be2 Nd7 14. h3 Bxf3 15. gxf3 a6 16. f4 Nhf6 17. h4 Rab8 18. Qc2 Qd8 19. Rb1 b5 20. axb5 axb5 21. b4 Nb6 22. e4 cxb4 23. Rxb4 Nc4 24. Bxc4 bxc4 25. Rxc4 Re8 26. Kf1 Rc8 27. Rxc8 Qxc8 28. Qd3 Nd7 29. f3 Nc5 30. Qb5 Re7 31. Qc4 Rb7 32. Ke2 Qb8 33. Rd1 Rb4 34. Qa2 Rb2 35. Qa3 Nb3 36. Kd3 Nxd2 0-1

[Event "Moscow op-A"]
[Site "Moscow"]
[Date "2012.02.03"]
[Round "7"]
[White "Akhmetov, Ayan"]
[Black "Kurukin, Dmitry"]
[Result "1/2-1/2"]
[WhiteElo "2163"]
[BlackElo "2417"]
[PlyCount "133"]
[EventDate "2012.01.28"]
[EventType "swiss"]
[EventRounds "9"]
[EventCountry "RUS"]
[SourceTitle "CBM 146 Extra"]
[Source "ChessBase"]
[SourceDate "2012.02.29"]
[SourceVersion "1"]
[SourceVersionDate "2012.02.29"]
[SourceQuality "1"]

1. e4 c5 2. Nf3 d6 3. g3 g6 4. Bg2 Bg7 5. d3 Nc6 6. 0-0 e5 7. Be3 Nge7 8. c3 0-0 9. d4 exd4 10. cxd4 Bg4 11. dxc5 Bxb2 12. Nbd2 Bxa1 13. Qxa1 f6 14. Nc4 dxc5 15. Rd1 Nd4 16. Nxd4 cxd4 17. Rxd4 Qc8 18. Nd6 Qc7 19. Nb5 Qe5 20. Bf1 a6 21. Bf4 Qh5 22. Bc4+ Kg7 23. Nc7 Rad8 24. e5 Ng8 25. exf6+ Nxf6 26. Nd5 Qf5 27. Ne3 Qc8 28. Be5 Rxd4 29. Qxd4 Be6 30. Bxe6 Qxe6 31. Nd5 g5 32. f4 gxf4 33. Nxf4 Qf5 34. Nd5 h5 35. Qb2 b5 36. a4 bxa4 37. Nxf6 Rxf6 38. Qb7+ Kh6 39. Bxf6 Qxf6 40. Qb4 Qa1+ 41. Kg2 Qa2+ 42. Kg1 Qb3 43. Qd6+ Kg5 44. Qf4+ Kg6 45. Qd6+ Kf5 46. Qf4+ Kg6 47. Qd6+ Kg7 48. Qe7+ Qf7 49. Qe5+ Kg8 50. Qb8+ Kh7 51. Qb1+ Qg6 52. Qb7+ Kh6 53. Qb4 Qc6 54. Qf8+ Kg5 55. h3 Qc1+ 56. Kg2 Qb2+ 57. Kg1 a3 58. Qf4+ Kg6 59. Qd6+ Kf5 60. Qd5+ Qe5 61. Qf3+ Ke6 62. Qxa3 Qe1+ 63. Kg2 Qe2+ 64. Kg1 Ke5 65. Qa5+ Ke4 66. Qb4+ Kf5 67. Qa5+ 1/2-1/2

[Event "Moscow-ch sf"]
[Site "Moscow"]
[Date "2011.03.19"]
[Round "4"]
[White "Tilicheev, Viacheslav"]
[Black "Kurukin, Dmitry"]
[Result "1-0"]
[WhiteElo "2336"]
[BlackElo "2410"]
[PlyCount "71"]
[EventDate "2011.03.13"]
[EventType "swiss"]
[EventRounds "9"]
[EventCountry "RUS"]
[SourceTitle "CBM 141 Extra"]
[Source "ChessBase"]
[SourceDate "2011.05.03"]
[SourceVersion "1"]
[SourceVersionDate "2011.05.03"]
[SourceQuality "1"]

1. e4 c5 2. Nf3 d6 3. d4 cxd4 4. Nxd4 Nf6 5. Nc3 a6 6. Bg5 Nbd7 7. f4 Qc7 8. Qf3 h6 9. Bxf6 Nxf6 10. f5 Qc5 11. 0-0-0 g5 12. Nd5 Nxd5 13. exd5 Bg7 14. Nb3 Qb4 15. g3 Bd7 16. Bd3 Bf6 17. Rhe1 h5 18. Qf2 Qg4 19. Re4 Qh3 20. Rde1 Kf8 21. Nd4 h4 22. g4 Be5 23. Rxe5 dxe5 24. Ne6+ Kg8 25. Rg1 fxe6 26. Bf1 Qxf1+ 27. Rxf1 exf5 28. Qe3 Rh7 29. gxf5 Rf8 30. Qxg5+ Rg7 31. Qxh4 Rxf5 32. Rxf5 Bxf5 33. Qh5 Rg1+ 34. Kd2 Rg2+ 35. Ke3 Bg4 36. Qe8+ 1-0

[Event "Moscow-ch sf"]
[Site "Moscow"]
[Date "2011.03.17"]
[Round "3"]
[White "Kurukin, Dmitry"]
[Black "Shuvalov, Evgenij"]
[Result "1-0"]
[WhiteElo "2410"]
[BlackElo "2252"]
[PlyCount "75"]
[EventDate "2011.03.13"]
[EventType "swiss"]
[EventRounds "9"]
[EventCountry "RUS"]
[SourceTitle "CBM 141 Extra"]
[Source "ChessBase"]
[SourceDate "2011.05.03"]
[SourceVersion "1"]
[SourceVersionDate "2011.05.03"]
[SourceQuality "1"]

1. d4 d5 2. c4 c6 3. Nf3 Nf6 4. Nc3 e6 5. Bg5 dxc4 6. e4 b5 7. e5 h6 8. Bh4 g5 9. Nxg5 hxg5 10. Bxg5 Nbd7 11. g3 Bb7 12. Bg2 Qb6 13. exf6 c5 14. d5 0-0-0 15. 0-0 b4 16. Na4 Qb5 17. a3 exd5 18. axb4 cxb4 19. Bf4 Bh6 20. Bd6 Bf8 21. Be7 Bxe7 22. fxe7 Rde8 23. Qd4 f6 24. b3 Rxe7 25. Rfc1 c3 26. Nxc3 bxc3 27. Qxc3+ Kd8 28. Qc7+ Ke8 29. Rxa7 Nf8 30. Qb8+ Kf7 31. Rxb7 Rxb7 32. Rc7+ Rxc7 33. Qxb5 d4 34. Bd5+ Kg7 35. Qb6 Rc1+ 36. Kg2 Rd1 37. Qc7+ Kh6 38. Qf4+ 1-0

[Event "Moscow-ch sf"]
[Site "Moscow"]
[Date "2011.03.13"]
[Round "1"]
[White "Kurukin, Dmitry"]
[Black "Bolshagin, Valery"]
[Result "1-0"]
[WhiteElo "2410"]
[BlackElo "2026"]
[PlyCount "93"]
[EventDate "2011.03.13"]
[EventType "swiss"]
[EventRounds "9"]
[EventCountry "RUS"]
[SourceTitle "CBM 141 Extra"]
[Source "ChessBase"]
[SourceDate "2011.05.03"]
[SourceVersion "1"]
[SourceVersionDate "2011.05.03"]
[SourceQuality "1"]

1. e4 d5 2. exd5 Qxd5 3. Nc3 Qa5 4. Nf3 Nf6 5. d4 c6 6. Bc4 Bf5 7. Ne5 e6 8. g4 Bg6 9. h4 Nbd7 10. Nxd7 Nxd7 11. Qe2 h6 12. Bd2 Bb4 13. a3 0-0-0 14. h5 Bh7 15. 0-0-0 Bxc3 16. Bxc3 Qc7 17. Kb1 Nf6 18. f3 Nd5 19. Be1 Qb6 20. Ka1 Rhe8 21. Bg3 f6 22. Rhe1 Qa5 23. Ba2 b5 24. c4 bxc4 25. Qxc4 Qb5 26. Qxb5 cxb5 27. Rc1+ Kb7 28. Rc5 Bd3 29. f4 Bc4 30. Bxc4 bxc4 31. f5 Rc8 32. fxe6 Rxc5 33. dxc5 Kc6 34. Bd6 Nc7 35. e7 Na6 36. b4 cxb3 37. Rc1 Rc8 38. Kb2 Kd7 39. Kxb3 Nb8 40. Kc4 Nc6 41. Rb1 Ke8 42. Kd5 Nxe7+ 43. Bxe7 Kxe7 44. Rb7+ Kf8 45. c6 a5 46. Kd6 Ke8 47. c7 1-0

[Event "Moscow Aeroflot op-B 10th"]
[Site "Moscow"]
[Date "2011.02.15"]
[Round "8"]
[White "Artemiev, Vladislav"]
[Black "Kurukin, Dmitry"]
[Result "1-0"]
[WhiteElo "2384"]
[BlackElo "2313"]
[PlyCount "79"]
[EventDate "2011.02.08"]
[EventType "swiss"]
[EventRounds "9"]
[EventCountry "RUS"]
[SourceTitle "CBM 140 Extra"]
[Source "ChessBase"]
[SourceDate "2011.03.01"]
[SourceVersion "1"]
[SourceVersionDate "2011.03.01"]
[SourceQuality "1"]

1. c4 Nf6 2. Nf3 g6 3. Nc3 Bg7 4. e4 d6 5. d4 0-0 6. Be2 e5 7. Be3 exd4 8. Nxd4 Re8 9. f3 c6 10. Qd2 d5 11. exd5 cxd5 12. c5 Nc6 13. 0-0-0 Qe7 14. Bg1 Qxc5 15. Nxc6 Qxc6 16. Bb5 Qe6 17. Bxe8 Qxe8 18. Bd4 Be6 19. g4 Rd8 20. Kb1 b5 21. Ne2 b4 22. Nf4 Qb5 23. Rhe1 Rd6 24. Nd3 a5 25. Qf4 Ne8 26. Bxg7 Kxg7 27. Qd4+ Kg8 28. Rc1 Rd8 29. Nf4 Ng7 30. h4 h6 31. Ka1 a4 32. h5 g5 33. Nd3 Rb8 34. f4 gxf4 35. Nxf4 a3 36. b3 Bxg4 37. Nxd5 Bxh5 38. Nf6+ Kh8 39. Rc5 Ne6 40. Qe3 1-0

[Event "Moscow Aeroflot op-B 10th"]
[Site "Moscow"]
[Date "2011.02.13"]
[Round "6"]
[White "Dimakiling, Oliver"]
[Black "Kurukin, Dmitry"]
[Result "1-0"]
[WhiteElo "2432"]
[BlackElo "2313"]
[PlyCount "75"]
[EventDate "2011.02.08"]
[EventType "swiss"]
[EventRounds "9"]
[EventCountry "RUS"]
[SourceTitle "CBM 140 Extra"]
[Source "ChessBase"]
[SourceDate "2011.03.01"]
[SourceVersion "1"]
[SourceVersionDate "2011.03.01"]
[SourceQuality "1"]

1. Nf3 Nf6 2. c4 g6 3. Nc3 Bg7 4. g3 0-0 5. Bg2 Nc6 6. 0-0 d6 7. Rb1 a5 8. a3 e5 9. d3 Re8 10. Be3 e4 11. dxe4 Nxe4 12. Nd5 Bf5 13. Nh4 Bd7 14. Qc2 f5 15. Rbd1 b6 16. b4 axb4 17. axb4 Ne7 18. Bxe4 fxe4 19. Bg5 Ba4 20. Qxe4 Nf5 21. Qf4 Qd7 22. Nxf5 gxf5 23. Rd4 Rxe2 24. Nf6+ Bxf6 25. Bxf6 Rae8 26. Qg5+ Kf8 27. Rh4 R8e6 28. Qxf5 Qf7 29. Bg7+ Ke8 30. Qxh7 Bc2 31. Qh8+ Kd7 32. Bc3 Qf3 33. Rf4 Qd3 34. b5 Qg6 35. Ra1 Be4 36. Rf8 Re8 37. Rxe8 Qxe8 38. Qg7+ 1-0

[Event "Moscow Aeroflot op-B 10th"]
[Site "Moscow"]
[Date "2011.02.12"]
[Round "5"]
[White "Kurukin, Dmitry"]
[Black "Kunin, Vitaly L"]
[Result "0-1"]
[WhiteElo "2313"]
[BlackElo "2548"]
[PlyCount "52"]
[EventDate "2011.02.08"]
[EventType "swiss"]
[EventRounds "9"]
[EventCountry "RUS"]
[SourceTitle "CBM 140 Extra"]
[Source "ChessBase"]
[SourceDate "2011.03.01"]
[SourceVersion "1"]
[SourceVersionDate "2011.03.01"]
[SourceQuality "1"]

1. d4 Nf6 2. c4 c5 3. d5 b5 4. Nd2 bxc4 5. e4 d6 6. Bxc4 g6 7. b3 Bg7 8. Bb2 0-0 9. Ngf3 a5 10. a4 Bg4 11. Qe2 Nh5 12. Bxg7 Nf4 13. Qd1 Nxg2+ 14. Kf1 Bh3 15. Kg1 Kxg7 16. Qc1 e5 17. dxe6 Qf6 18. e5 dxe5 19. Qc3 Nf4 20. Ne4 Qxe6 21. Ng3 Qf6 22. Ne4 Qe7 23. Neg5 Nc6 24. Re1 Nd4 25. Nxh3 Nxh3+ 26. Kf1 Qb7 0-1

[Event "Moscow Aeroflot op-B 10th"]
[Site "Moscow"]
[Date "2011.02.11"]
[Round "4"]
[White "Barbosa, Oliver"]
[Black "Kurukin, Dmitry"]
[Result "0-1"]
[WhiteElo "2461"]
[BlackElo "2313"]
[PlyCount "94"]
[EventDate "2011.02.08"]
[EventType "swiss"]
[EventRounds "9"]
[EventCountry "RUS"]
[SourceTitle "CBM 140 Extra"]
[Source "ChessBase"]
[SourceDate "2011.03.01"]
[SourceVersion "1"]
[SourceVersionDate "2011.03.01"]
[SourceQuality "1"]

1. d4 Nf6 2. c4 e6 3. Nc3 Bb4 4. e3 0-0 5. Nge2 Re8 6. a3 Bf8 7. d5 exd5 8. cxd5 d6 9. g3 a5 10. Bg2 g6 11. 0-0 Bg7 12. h3 Nbd7 13. Rb1 Nc5 14. b4 axb4 15. axb4 Nce4 16. Nxe4 Nxe4 17. Qc2 Ng5 18. g4 f5 19. h4 Nf7 20. g5 Ne5 21. Nd4 Ng4 22. Ne6 Bxe6 23. dxe6 c6 24. b5 d5 25. f3 Ne5 26. bxc6 bxc6 27. Rb7 Nc4 28. e4 Qc8 29. Rd7 Bd4+ 30. Kh1 Rxe6 31. exd5 Qxd7 32. dxe6 Qxe6 33. Rd1 c5 34. Qb3 Re8 35. f4 Kh8 36. Kh2 Qe2 37. Qa4 Re7 38. Rf1 Qg4 39. Rf3 Nd6 40. Qa6 Qxh4+ 41. Rh3 Qe1 42. Rb3 Bg1+ 43. Kh3 Qxc1 44. Bf3 Qxf4 45. Rb8+ Kg7 46. Qa1+ Bd4 47. Qa8 Ne8 0-1

[Event "Moscow Aeroflot op-B 10th"]
[Site "Moscow"]
[Date "2011.02.10"]
[Round "3"]
[White "Kurukin, Dmitry"]
[Black "Xu, Jun"]
[Result "1/2-1/2"]
[WhiteElo "2313"]
[BlackElo "2494"]
[PlyCount "65"]
[EventDate "2011.02.08"]
[EventType "swiss"]
[EventRounds "9"]
[EventCountry "RUS"]
[SourceTitle "CBM 140 Extra"]
[Source "ChessBase"]
[SourceDate "2011.03.01"]
[SourceVersion "1"]
[SourceVersionDate "2011.03.01"]
[SourceQuality "1"]

1. d4 Nf6 2. c4 e6 3. Nf3 Bb4+ 4. Bd2 a5 5. g3 d6 6. Nc3 Nbd7 7. Qc2 b6 8. Bg2 Bb7 9. 0-0 0-0 10. Rfe1 Bxc3 11. Bxc3 Be4 12. Qc1 Qb8 13. Bf1 Bb7 14. Nd2 d5 15. b3 Rc8 16. Qb2 c5 17. dxc5 bxc5 18. cxd5 exd5 19. e3 Qd6 20. Bg2 Qb6 21. Rab1 Re8 22. a3 h6 23. b4 axb4 24. axb4 d4 25. exd4 Rxe1+ 26. Rxe1 Bxg2 27. Kxg2 cxb4 28. Qxb4 Qc6+ 29. d5 Nxd5 30. Qe4 Qxc3 31. Qxd5 Nb6 32. Qd6 Nc4 33. Qd5 1/2-1/2

[Event "Moscow Aeroflot op-B 10th"]
[Site "Moscow"]
[Date "2011.02.08"]
[Round "1"]
[White "Kurukin, Dmitry"]
[Black "Kuderinov, Kirill"]
[Result "0-1"]
[WhiteElo "2313"]
[BlackElo "2469"]
[PlyCount "104"]
[EventDate "2011.02.08"]
[EventType "swiss"]
[EventRounds "9"]
[EventCountry "RUS"]
[SourceTitle "CBM 140 Extra"]
[Source "ChessBase"]
[SourceDate "2011.03.01"]
[SourceVersion "1"]
[SourceVersionDate "2011.03.01"]
[SourceQuality "1"]

1. d4 Nf6 2. c4 e6 3. Nf3 Bb4+ 4. Bd2 Qe7 5. g3 b6 6. Bg2 Bb7 7. 0-0 Bxd2 8. Qxd2 0-0 9. Nc3 d6 10. Qc2 Nbd7 11. e4 e5 12. Rfe1 a5 13. Rad1 Rfe8 14. Nh4 g6 15. Qd2 exd4 16. Qxd4 Qe5 17. f3 Qxd4+ 18. Rxd4 Nc5 19. Kf2 Re7 20. Bf1 Rae8 21. Ng2 Kg7 22. h4 Re5 23. Red1 Bc6 24. Nf4 h6 25. g4 Ne6 26. Nxe6+ fxe6 27. R4d2 Rf8 28. Kg3 g5 29. h5 a4 30. Rc2 Rf7 31. Ne2 Be8 32. Nc1 Nd7 33. Nd3 Ra5 34. Be2 Ne5 35. Nxe5 Rxe5 36. Rcd2 Ra5 37. Kf2 Kf6 38. Ke3 Ke5 39. Rc1 c5 40. Rdc2 b5 41. Rb1 bxc4 42. Bxc4 d5 43. Bd3 c4 44. Bf1 Rb7 45. exd5 exd5 46. Re1 Bd7 47. f4+ gxf4+ 48. Kf3+ Kf6 49. Rd1 a3 50. bxa3 Kg5 51. Rc3 Be6 52. Bh3 Rba7 0-1

[Event "Moscow op-C"]
[Site "Moscow"]
[Date "2011.02.02"]
[Round "5"]
[White "Kurukin, Dmitry"]
[Black "Ovetchkin, Roman"]
[Result "1/2-1/2"]
[WhiteElo "2313"]
[BlackElo "2498"]
[PlyCount "27"]
[EventDate "2011.01.29"]
[EventType "swiss"]
[EventRounds "9"]
[EventCountry "RUS"]
[SourceTitle "EXT 2012"]
[Source "ChessBase"]
[SourceDate "2011.11.24"]
[SourceVersion "1"]
[SourceVersionDate "2011.11.24"]
[SourceQuality "1"]

1. d4 Nf6 2. c4 e6 3. Nf3 d5 4. g3 Bb4+ 5. Bd2 Be7 6. Bg2 0-0 7. 0-0 c6 8. Qc2 b6 9. Rd1 Nbd7 10. b3 Ba6 11. Bf4 Rc8 12. Nc3 h6 13. e4 dxe4 14. Nd2 1/2-1/2

[Event "Moscow op-C"]
[Site "Moscow"]
[Date "2011.02.01"]
[Round "4"]
[White "Turutin, Alexander"]
[Black "Kurukin, Dmitry"]
[Result "0-1"]
[WhiteElo "2408"]
[BlackElo "2313"]
[PlyCount "62"]
[EventDate "2011.01.29"]
[EventType "swiss"]
[EventRounds "9"]
[EventCountry "RUS"]
[SourceTitle "EXT 2012"]
[Source "ChessBase"]
[SourceDate "2011.11.24"]
[SourceVersion "1"]
[SourceVersionDate "2011.11.24"]
[SourceQuality "1"]

1. e4 c5 2. Nf3 d6 3. d4 cxd4 4. Nxd4 Nf6 5. Nc3 a6 6. Bg5 Nbd7 7. f4 Qc7 8. Qf3 h6 9. Bxf6 Nxf6 10. Nd5 Nxd5 11. exd5 g6 12. f5 gxf5 13. Nxf5 e6 14. dxe6 fxe6 15. Ng3 Qa5+ 16. c3 Be7 17. Be2 Rf8 18. Qe4 Qg5 19. Bh5+ Kd8 20. Rd1 Rf4 21. Qe2 Bd7 22. Bf3 Kc7 23. Ne4 Qe5 24. 0-0 d5 25. Ng3 Bc5+ 26. Kh1 Qxe2 27. Nxe2 Rf6 28. c4 dxc4 29. Rc1 Kb6 30. Rxc4 Bb5 31. Rc2 Rd8 0-1

[Event "Chigorin Memorial 18th"]
[Site "St Petersburg"]
[Date "2010.11.01"]
[Round "5"]
[White "Levin, Evgeny A"]
[Black "Kurukin, Dmitry"]
[Result "1-0"]
[WhiteElo "2483"]
[BlackElo "2277"]
[PlyCount "111"]
[EventDate "2010.10.28"]
[EventType "swiss"]
[EventRounds "9"]
[EventCountry "RUS"]
[SourceTitle "EXT 2011"]
[Source "ChessBase"]
[SourceDate "2010.11.26"]
[SourceVersion "1"]
[SourceVersionDate "2010.11.26"]
[SourceQuality "1"]

1. d4 Nf6 2. c4 e6 3. Nf3 b6 4. g3 Bb7 5. Bg2 Be7 6. 0-0 0-0 7. Re1 c5 8. d5 exd5 9. Nh4 Ne4 10. cxd5 Bxh4 11. Bxe4 Bf6 12. Qc2 h6 13. Nc3 d6 14. Bf4 a6 15. a4 Qe7 16. Bg2 Nd7 17. Rad1 Rab8 18. Rd3 Rfe8 19. Re3 Qf8 20. Bh3 Rxe3 21. Bxe3 Bc8 22. Ne4 Be7 23. Bg2 Nf6 24. Nc3 b5 25. axb5 axb5 26. b4 Bd7 27. Qb3 Rc8 28. Bf4 g5 29. Bd2 c4 30. Qb2 Ra8 31. Ra1 Qb8 32. h3 Ne8 33. Nd1 Rxa1 34. Qxa1 Bf6 35. Bc3 Qd8 36. Qa7 Qe7 37. e3 Kg7 38. Qb7 Be5 39. Qa7 Nf6 40. f4 Bxc3 41. Nxc3 gxf4 42. gxf4 Nh5 43. Ne4 f5 44. Nc3 Kf8 45. Qb6 Qf6 46. Nxb5 c3 47. Nd4 Ke7 48. Qc7 Nxf4 49. Qxc3 Nxg2 50. Nc6+ Kf7 51. Qxf6+ Kxf6 52. Kxg2 f4 53. e4 Bc8 54. b5 Bb7 55. b6 Ba8 56. Kf3 1-0

[Event "Minsk op"]
[Site "Minsk"]
[Date "2010.08.08"]
[Round "5"]
[White "Lomako, Pavel"]
[Black "Kurukin, Dmitry"]
[Result "1/2-1/2"]
[WhiteElo "2431"]
[BlackElo "2258"]
[PlyCount "56"]
[EventDate "2010.08.04"]
[EventType "swiss"]
[EventRounds "9"]
[EventCountry "BLR"]
[SourceTitle "CBM 137 Extra"]
[Source "ChessBase"]
[SourceDate "2010.09.01"]
[SourceVersion "1"]
[SourceVersionDate "2010.09.01"]
[SourceQuality "1"]

1. d4 Nf6 2. Nf3 g6 3. g3 Bg7 4. Bg2 0-0 5. 0-0 d6 6. Nbd2 c5 7. dxc5 dxc5 8. c3 Qc7 9. Nc4 Be6 10. Nfe5 Rd8 11. Qa4 Nd5 12. Nd3 Nd7 13. Nf4 Nxf4 14. Bxf4 Ne5 15. Rfd1 Bxc4 16. Qxc4 g5 17. Bxe5 Qxe5 18. Bxb7 Rab8 19. Bf3 Bf6 20. Qa4 Qc7 21. Qg4 Kg7 22. h4 h6 23. hxg5 hxg5 24. Kg2 Rxd1 25. Rxd1 Rxb2 26. Rh1 Qe5 27. Be4 e6 28. Rd1 Rxa2 1/2-1/2

[Event "Kostroma Volga Cup op"]
[Site "Kostroma"]
[Date "2010.07.??"]
[Round "6"]
[White "Alavkin, Arseny Nailievich"]
[Black "Kurukin, Dmitry"]
[Result "1-0"]
[WhiteElo "2447"]
[BlackElo "2258"]
[PlyCount "73"]
[EventDate "2010.07.??"]
[EventType "swiss"]
[EventRounds "9"]
[EventCountry "RUS"]
[SourceTitle "EXT 2011"]
[Source "ChessBase"]
[SourceDate "2010.11.26"]
[SourceVersion "1"]
[SourceVersionDate "2010.11.26"]
[SourceQuality "1"]

1. e4 e5 2. Nf3 Nc6 3. Bb5 a6 4. Ba4 Nf6 5. 0-0 Be7 6. Re1 b5 7. Bb3 0-0 8. h3 Bb7 9. d3 d5 10. exd5 Nxd5 11. Nxe5 Nd4 12. Nd2 Nxb3 13. Nxb3 c5 14. c4 Nb4 15. a3 Nc6 16. Nf3 Qb6 17. Be3 bxc4 18. dxc4 Bc8 19. Bg5 Bxg5 20. Nxg5 Rb8 21. Re3 h6 22. Ne4 Rd8 23. Qc1 Nd4 24. Nexc5 Nf5 25. Rc3 Qc7 26. Qc2 Rb6 27. Rd1 Re8 28. Qd2 Rg6 29. Re1 Rd8 30. Rd3 Rxd3 31. Qxd3 Nh4 32. g4 Qc6 33. Qd8+ Kh7 34. Qxh4 f5 35. Qg3 fxg4 36. h4 Qf6 37. h5 1-0

[Event "Kostroma Volga Cup op"]
[Site "Kostroma"]
[Date "2010.07.??"]
[Round "8"]
[White "Gochelashvili, David"]
[Black "Kurukin, Dmitry"]
[Result "1/2-1/2"]
[WhiteElo "2443"]
[BlackElo "2258"]
[PlyCount "99"]
[EventDate "2010.07.??"]
[EventType "swiss"]
[EventRounds "9"]
[EventCountry "RUS"]
[SourceTitle "EXT 2011"]
[Source "ChessBase"]
[SourceDate "2010.11.26"]
[SourceVersion "1"]
[SourceVersionDate "2010.11.26"]
[SourceQuality "1"]

1. e4 c5 2. Nf3 d6 3. d4 cxd4 4. Nxd4 Nf6 5. Nc3 a6 6. Bg5 e6 7. f4 Nc6 8. Nb3 h6 9. Bh4 Be7 10. Bd3 Nxe4 11. Bxe7 Nxc3 12. Bxd8 Nxd1 13. Bc7 Nxb2 14. Bxd6 Nxd3+ 15. cxd3 Ne7 16. Rc1 Nd5 17. Kd2 Kd7 18. Ba3 b6 19. Bb2 f6 20. Rhf1 Bb7 21. g4 g5 22. a4 a5 23. fxg5 hxg5 24. Bxf6 Rxh2+ 25. Ke1 Nf4 26. Rc3 Rc8 27. Rxc8 Nxd3+ 28. Kd1 Bxc8 29. Bxg5 e5 30. Nd2 Kc6 31. Rf6+ Kb7 32. Kc2 Nb4+ 33. Kb1 Nd5 34. Rd6 Nc3+ 35. Kc1 Nxa4 36. Be3 Bxg4 37. Nc4 Bf5 38. Rd2 Rh1+ 39. Rd1 Rxd1+ 40. Kxd1 Be6 41. Nxe5 b5 42. Nd3 Kc6 43. Kd2 Bf5 44. Nc1 Nc5 45. Bxc5 Kxc5 46. Nb3+ Kb4 47. Nd4 a4 48. Nxf5 Ka3 49. Nd4 b4 50. Nc2+ 1/2-1/2

[Event "Kostroma Volga Cup op"]
[Site "Kostroma"]
[Date "2010.07.??"]
[Round "4"]
[White "Kurukin, Dmitry"]
[Black "Bezgodov, Alexei"]
[Result "1/2-1/2"]
[WhiteElo "2258"]
[BlackElo "2491"]
[PlyCount "128"]
[EventDate "2010.07.??"]
[EventType "swiss"]
[EventRounds "9"]
[EventCountry "RUS"]
[SourceTitle "EXT 2011"]
[Source "ChessBase"]
[SourceDate "2010.11.26"]
[SourceVersion "1"]
[SourceVersionDate "2010.11.26"]
[SourceQuality "1"]

1. d4 f5 2. e4 fxe4 3. Nc3 Nf6 4. Bg5 c6 5. f3 Qb6 6. fxe4 Qxb2 7. Bd2 Qb6 8. e5 Nd5 9. Nf3 Nxc3 10. Bxc3 e6 11. Rb1 Qd8 12. Bd3 Be7 13. Ng5 d5 14. Qh5+ Kd7 15. Nxe6 Qg8 16. Ng5 g6 17. Qg4+ Kc7 18. Qg3 Be6 19. 0-0 Nd7 20. Be2 Bxg5 21. Qxg5 Qd8 22. Qh6 a5 23. a4 Qe7 24. Rb3 Rhf8 25. Rfb1 b6 26. Bb2 Qf7 27. Rf3 Qg8 28. Ba3 Rxf3 29. Bd6+ Kb7 30. Bxf3 Bf5 31. Rc1 Rc8 32. Qd2 Qe6 33. c4 Be4 34. Bxe4 dxe4 35. Qe2 Nf6 36. Ba3 Qg4 37. Re1 Qxe2 38. Rxe2 Ne8 39. Rc2 Nc7 40. Kf2 b5 41. Bd6 b4 42. Ke3 c5 43. Bxc5 Ne6 44. Kxe4 Nxc5+ 45. dxc5 Kc6 46. Rd2 Kxc5 47. Rd5+ Kxc4 48. Rxa5 b3 49. Rb5 Ra8 50. e6 Rxa4 51. Rb8 Rb4 52. Rc8+ Kb5+ 53. Kd3 Ka6 54. Ra8+ Kb7 55. e7 b2 56. Rb8+ Kxb8 57. e8Q+ Ka7 58. Qe7+ Rb7 59. Qc5+ Kb8 60. Qe5+ Ka7 61. Qd4+ Kb8 62. Qf4+ Ka7 63. Qe3+ Kb8 64. Qf4+ Ka7 1/2-1/2